Responses for Show #2433 - Wednesday, March 15, 1995

Jonathan Groff game 2.

Contestants

[<< previous game]

Melanie Modlin, a writer and editor from Arlington, Virginia

Steve Sutherland, a plastic surgeon from Huntington Beach, California

Jonathan Groff, a writer and actor from New York City, New York (whose 1-day cash winnings total $12,000)

[next game >>]

Jeopardy! Round responses

GEOGRAPHY
TELEVISION
QUOTATIONS
FAMOUS AMERICANS
THE FANNIE FARMER COOKBOOK
"GR" ANIMALS
    $100 1
the Mediterranean

Melanie
    $100 2
Entertainment Tonight

Jonathan
    $100 11
Queen Victoria

Steve
    $100 14
Bill Clinton

Steve
    $100 18
guacamole

Steve
    $100 12
(Steve: What is the prairie dog?)
(Jonathan: What is the... oh... "G-R"--grouse.)
(Alex: Sorry.)

the groundhog

JonathanSteve
Triple Stumper
    $200 3
Cuba

Steve
    $200 7
Frasier

Jonathan
    $200 27
bed

Steve
    $200 20
Eastman

Steve
    $200 19
curry

Jonathan
    $200 13
a grizzly bear

Jonathan
    $300 4
Australia

Jonathan
    $300 8
the Fox network

Steve
    $300 28
golf

Jonathan
    $300 22
Theodor Geisel (Dr. Seuss)

Steve
    $300 21
marmalade

Jonathan
    $300 15
grasshoppers

Steve
    $400 5
Belgium

Jonathan
    $400 9
Paula Zahn

Steve
    $400 29
Joseph Heller

Jonathan
    $400 24
(Steve: Who is Benedict Arnold?)

Ethan Allen

Steve
Triple Stumper
    $400 23
maple syrup

Jonathan
    $400 16
a grub

Steve
    $500 6
(Jonathan: What is the Rhine?)

the Rhône

Jonathan
Triple Stumper
    $500 10
Hop Sing

Melanie
    $1,200 30
(Alex: You might expect a comedy writer to know that particular quotation.)

Woody Allen

Jonathan
    $500 26
Frémont

Jonathan
    $500 25
bay leaves

Jonathan
    $500 17
a grouse

Steve

Scores at the first commercial break (after clue 15):

Jonathan Steve Melanie
$600 $1,300 $600

Scores at the end of the Jeopardy! Round:

Jonathan Steve Melanie
$4,400 $2,600 $600

Double Jeopardy! Round responses

19th CENTURY ASIA
MIDDLE NAMES
ARTISTS
CONFEDERATES
PLAYS & PLAYWRIGHTS
POTPOURRI
    $200 18
Japan

Jonathan
    $200 12
Louise

Melanie
    $200 7
Montreal

Jonathan
    $200 2
Robert E. Lee

Jonathan
    $200 1
Mexico

Jonathan
    $200 21
(Steve: What is vinegar?)

fabric softener

Steve
Triple Stumper
    $400 19
Iran (Persia)

Jonathan
    $400 13
Bysshe

Jonathan
    $400 8
Alexander Calder

Jonathan
    $400 3
Mark Twain

Jonathan
    $400 14
(Alex: It's been around for a long time.)

Johnny Belinda

Triple Stumper
    $400 24
copyright protection

Jonathan
    $600 20
English

Jonathan
    $600 26
Jane

Melanie
    $600 9
35

Jonathan
    $600 4
the Merrimack

Jonathan
    $600 15
(Peter) Shaffer

Melanie
    $600 25
(Steve: What is 19?)
...
(Alex: And less than a minute to go, Jonathan.)

10

Steve
Triple Stumper
    $800 22
Burma

Jonathan
    $1,500 27
Gerald Ford

Melanie
    $3,000 10
Surrealism

Jonathan
    $800 5
"Stonewall" Jackson

Jonathan
    $800 16
(Melanie: What is Murders in the Cathedral?)

Murder in the Cathedral

JonathanMelanie
    $800 29
(Buckminster) Fuller

Jonathan
    $1000 23
(Jonathan: What is China?)

Korea

Jonathan
Triple Stumper
    $1000 28
Susan B. Anthony

Melanie
    $1000 11
Jackson Pollock

Melanie
    $1000 6
[Applause for Jonathan's run of the category]

(William) Quantrill

Jonathan
    $1000 17
Long Day's Journey into Night

Jonathan
    $1000 30
Georgian

Jonathan

Scores at the end of the Double Jeopardy! Round:

Jonathan Steve Melanie
$17,200 $1,800 $4,700
(lock game)

[wagering suggestions for these scores]

Final Jeopardy! Round responses

CLASSICAL MUSIC
SteveWhat is Beethoven 5th Symphony Beethoven
$1,000
MelanieWhat is Beethoven's 5th Symphony?
$1,200
JonathanWhat is Beethoven's 5th Symphony?
$3,800
Beethoven's 5th Symphony

Final scores:

Jonathan Steve Melanie
$21,000 $2,800 $5,900
2-day champion: $33,000 3rd place: Ricardo Beverly Hills Stripes Collection fashion luggage + Jeopardy! Sports Edition for PC or Super Nintendo Entertainment System + Jeopardy! home game 2nd place: Acer 486 multimedia Power Computer with CD-ROM drive & stereo sound + Samsung facsimile machine with telephone answering machine interface + Jeopardy! Sports Edition for PC or Super Nintendo Entertainment System + Jeopardy! home game

Game dynamics:

Coryat scores:

Jonathan Steve Melanie
$14,300 $1,800 $4,000
33 R
(including 2 DDs),
3 W
12 R,
4 W
8 R
(including 1 DD),
1 W

Combined Coryat: $20,100

[game clues] [game scores] [suggest correction]

Game tape date: 1994-11-30
The J! Archive is created by fans, for fans. Scraping, republication, monetization, and malicious use prohibited; this site may use cookies and collect identifying information. See terms. The Jeopardy! game show and all elements thereof, including but not limited to copyright and trademark thereto, are the property of Jeopardy Productions, Inc. and are protected under law. This website is not affiliated with, sponsored by, or operated by Jeopardy Productions, Inc. Join the discussion at JBoard.tv.